Junk

Αποθηκεύτηκε σε:
Λεπτομέρειες βιβλιογραφικής εγγραφής
Κύριος συγγραφέας: Burgess, Melvin
Άλλοι συγγραφείς: Devaux, Laetitia (Μεταφραστής)
Μορφή: Βιβλίο
Γλώσσα:French
Δημοσίευση: Paris : Gallimard, 1998
Θέματα:
Ετικέτες: Προσθήκη ετικέτας
Δεν υπάρχουν, Καταχωρήστε ετικέτα πρώτοι!

MARC

LEADER 00000nam a2200000 i 4500
001 1/84160
008 990622s1998 fre d
020 |a 2-07-051740-3 
035 |l 10051540 
040 |a GR-MY-UA  |b gre  |e aacr 
041 0 |a fre 
082 0 |a 823 
100 1 |a Burgess, Melvin. 
245 1 0 |a Junk /  |c Melvin Burgess ; traduit de l'anglais par Laetitia Devaux 
260 |a Paris :   |b Gallimard,   |c 1998 
300 |a 317 p. 
650 0 0 |a Children's stories, English. 
650 0 0 |a Young adult fiction, English. 
700 1 |a Devaux, Laetitia.  |4 trl 
852 |a INST  |b RHODES  |e 19990622  |h 823 BUR  |p 005400014995  |q 005400014995  |t BK  |y 0 
901 |a BIBL4-1999-2 
909 |a Ρ  |b 065693  |c 1999 
922 |a 4ΕΛΗ  |b 199905  |c ΚΠΣ/154  |d LEADER 
970 |a ΤΕΡΝΕΖΗΣ  |b ΧΡΗΣΤΟΣ  |z 19990622